| 000 | 01123nac a22002531u 4500 | ||
|---|---|---|---|
| 010 | _a2002021281 | ||
| 020 | _a0071398511 (alk. paper) | ||
| 082 | 0 | 0 |
_a384 _bB3291 |
| 090 |
_c681 _d681 |
||
| 100 | _aBates, Regis J. | ||
| 245 | 1 | 0 |
_aBroadband telecommunications handbook / _cRegis J. (Bud) Bates. |
| 250 | _a2nd ed. | ||
| 260 |
_aNew York ; _aChicago ; _aSan Francisco : _bMcGraw-Hill, _cc2002. |
||
| 300 |
_axxvi, 805 p. : _bill. ; _c24 cm. |
||
| 440 | 0 | _aMcGraw-Hill telecom professional | |
| 440 | 0 | _aMcGraw-Hill telecommunications | |
| 650 | 0 |
_aBroadband communication systems _vHandbooks, manuals, etc. |
|
| 650 | 0 |
_aTelecommunication systems _vHandbooks, manuals, etc. |
|
| 856 | 4 | 2 |
_3Contributor biographical information _uhttp://www.loc.gov/catdir/bios/mh041/2002021281.html |
| 856 | 4 | 2 |
_3Publisher description _uhttp://www.loc.gov/catdir/description/mh022/2002021281.html |
| 856 | 4 | 2 |
_3Table of contents _uhttp://www.loc.gov/catdir/toc/mh023/2002021281.html |
| 942 |
_cBB _k384B3291 |
||
| 999 |
_c681 _d681 |
||